000 00908nam a22002897a 4500
003 CHAP
005 20220329135354.0
008 971013s1943 r 00010 d
010 _a35228
011 _a36200
035 _a40319
040 _cCHAP
090 _aFolleto 9586
110 _aMéxico. Secretaría de Agricultura y Fomento
_977108
245 _aHuevo
_b: promedios anuales de precios al mayoreo en diversas plazas del paíz, años 1927 a 1934
260 _aMéxico, D.F. :
_bLa Secretaría,
_c1943
300 _a8 p
490 _aSeries de precios
590 _aBATCH-UPD
_b10
_c20130110
_lUCH01
_h0035
590 _aBATCH-UPD
_b10
_c20130110
_lUCH01
_h2319
590 _aCONVERSION
_b10
_c20130109
_lUCH01
_h1320
650 1 4 _aHuevos
_xPrecios.
_956757
830 0 _aSeries de precios
_9105119
901 _aBK
942 _cLIBRO
949 _aFolleto 9586
_bBC
_cBPA
_d-92208
_eBPA
_i40319
_mD
_si
999 _c35228
_d35228